LEADER 01551nam a2200349 a 4500 001 000000006648 003 CaOOAMICUS 005 20121206094007.0 008 940514s1990 it u000 u ita r 020 $a8878600466 035 $a10172738 040 $aPUL(R)$bita$dPUL(R) 245 03$aLa dimensione etica nelle societā contemporanee /$cIsaiah Berlin ... [et al.]. 260 $aTorino :$bEdizioni della Fondazione Giovanni Agnelli,$cc1990. 300 $avii, 132 p. ;$c21 cm 500 $aContiene indice. 504 $aNote bibliografiche. 650 4$aPolitica e morale.$0(OLS)http://pul/subject/4796 700 1 $aBerlin, Isaiah,$d1909-1997.$0(OLS)http://pul/name/6750 850 $aPUL 852 $aPUL$W1$xDP1 Cons. Gen., Altre Classi 1$y22$m45 P 7$j9409$nBK-PRI$b $qStampati$B9409$CPULBib$Z2$F9409 $H $81 852 $aPUL$W1$xSL Religione 2$y84$mRH D4 139$j9410$nBK-PRI$b $qStampati altre collocazioni$B9410$CPULBib$Z2$F9410 $H $81 852 $aPUL$W1$xDP1 Fondo E. Rossi$y115$m1 E 37$j151987$qFondi$B151182$CPULBib$Z2$F151182 $82 941 1 $a8 941 1 $a10 941 1 $a1 961 $aINV: 69290 961 $aSul dorso collocazione ms. di E. Rossi: E 23 1 996 $6020$a8878600466$9(OLS)http://pul/number/8584 996 $6245$aLa dimensione etica nelle societā contemporanee$9(OLS)http://pul/title/9767 996 $6260$aTorino :$bEdizioni della Fondazione Giovanni Agnelli$9(OLS)http://pul/publisher/51379 LEADER 01248nam a2200301 a 4500 001 000000163557 003 CaOOAMICUS 005 20171023092922.0 008 171023s1966 it m u000 u ita r 032 $aLibriCat 040 $aPUL$bita 100 1 $aCignelli, Lino,$cO.F.M.$0(OLS)http://pul/name/10757 245 10$aMaria nuova Eva nei Padri greci del V secolo /$cP. Linus Cignelli O.F.M. 260 $aAssisi :$b[s.n.],$c1966. 300 $aXX; 61 p. ;$c24 cm. 502 $aEstratto da tesi. Pontificium Institutum Orientalium Studiorum. 1966. 504 $aBibliografia in nota a pič pagina. 600 04$aMaria Virgo,$cs.$0(OLS)http://pul/subject/500 650 4$aPadri della Chiesa greci.$0(OLS)http://pul/subject/36780 710 2 $aPontificio Istituto Orientale.$kTesi.$0(OLS)http://pul/name/104919 850 $aPUL 852 $aPUL$W1$xDP1 Tesi Pon. Ist. Orientale$y39$mTH ORIE 59$j187710$qTesi$B190794$CPULBib$Z2$F190794 $H27074 $82 941 1 $a16 960 $aMariologia$9500 960 $aMariologia$9500 996 $6245$aMaria nuova Eva nei Padri greci del V secolo$9(OLS)http://pul/title/203266 996 $6260$aAssisi :$b[s.n.]$9(OLS)http://pul/publisher/63140